Qāʼimah bi-al-kutub wa-al-marājiʻ ʻan al-ʻIrāq.

محفوظ في:

مؤلف مشترك: Dār al-Kutub al-Miṣrīyah. Qism al-Irshād.

التنسيق: كتاب

اللغة: Arabic

منشور في: al-Qāhirah : Matḅaʻat Dār al-Kutub al-Misṛīyah, 1964.

الطبعة: al-Ṭabʻah 2.

سلاسل: Silsilat Qawāʼim al-Kutub wa-al-Marājiʻ lil-Taʻrīf bi-al-ʻĀlam al-ʻArabī ; 2.

الموضوعات:

الوسوم: إضافة وسم

لا توجد وسوم, كن أول من يضع وسما على هذه التسجيلة!

رقم الطلب: Z3036 .C34 1964

LEADER 01173nam a2200277 4500
003 OSt
005 20240327121713.0
008 020509s1964 ua 000 0 arar
999 |c 57131  |d 57131 
040 |c ARCE Library 
043 |a a-iq--- 
050 4 |a Z3036 .C34 1964 
110 2 |a Dār al-Kutub al-Miṣrīyah.  |b Qism al-Irshād. 
245 1 0 |6 880-01  |a Qāʼimah bi-al-kutub wa-al-marājiʻ ʻan al-ʻIrāq. 
246 3 |a Bibliography of works about Iraq. 
250 |a al-Ṭabʻah 2. 
260 |6 880-02  |a al-Qāhirah :   |b Matḅaʻat Dār al-Kutub al-Misṛīyah,  |c 1964. 
300 |a 172, 87 pages ;   |c 24 cm. 
490 0 |6 880-03  |a Silsilat Qawāʼim al-Kutub wa-al-Marājiʻ lil-Taʻrīf bi-al-ʻĀlam al-ʻArabī ;   |v 2. 
500 |a At head of title: al-Jumhūrīyah al-ʻArabīyah al-Muttahịdah. Wizārat al-thaqāfah wa-al-irshād al-qawmī. Dār al-Kutub. 
500 |a Added title page: A bibliographical list of works about Iraq. 
500 |a Includes publications in Arabic and Western languages. 
651 0 |a Iraq  |v Bibliography. 
880 1 0 |6 245-01/(3/r  |a قائمه بالكتب والمراجع عن العراق 
901 |a reviewed 
942 |2 lcc  |c BK